000 00509nam a2200109Ia 4500
008 171212s9999 xx 000 0 und d
245 _ceditor Curtin, Michael
_aPrecarious Creativity
_bGlobal Media, Local Labor
260 _bUniversity of California Press
_c2016
650 _aLabor and globalization; Mass media and globalization; Mass media -- Employees; Cultural industries -- Employees; Precarious employment -- Social aspects
650 _aSociology
856 _uhttp://jstor.org/stable/10.1525/j.ctt1ffjn40
999 _c352981
_d352981